000 00818nam a2200265Ia 4500
003 OSt
005 20220925222920.0
006 a|||||r|||| 00| 0
007 ta
008 220923b |||||||| |||| 00| 0 eng d
020 _a0899309038
_c
_65.00
037 _b9070, 29/03/2001, SBD
_cGeneral Book
040 _aRTL
_cRTL
_beng
041 _2eng
_aeng
082 _aX:89Q8, P1
100 _aFairfield Soon James W
_9288540
245 0 _aCorporate culture and the quality organization
260 _aLondon
_bQuorum Books
_c2001
300 _axxii,217p
_ccm.
500 _aBibliography chapterwise and : P 195-202
650 _a Management
_930681
650 _aQuality Control
942 _hX:89Q8, P1
_cGB
_2CC
999 _c578120
_d578120